01604cam a2200373 a 450000100100000000500170001000800410002702000150006803500190008303500200010204000350012204100380015708200260019510000300022124000660025124501090031725000110042626000360043730000280047349000470050150001090054850400660065753400860072365000180080965000250082765000260085265000300087871000820090883000560099091000280104604900090107495201300108399900170121300001169520200929162530.0921130s1978 sp a b 001 0 spa  a8424404378 a(DLC) 71888406 a(OCoLC)27041785 aDO-SdBNPbspacOrUdDLCdBNPHU17aspahita2Código de idioma MARC a704.9428bG429p, 19781 aGiachetti, Romano.92772310aPorno power. Pornografia e società capitalista.lEspañol.10aPorno power :bPornografía y sociedad capitalista /cRomano Giachetti ; traducción Roser Berdagué. a2a ed. aBarcelona :bFontanella,c1978. a344 p. :bil. ;c20 cm.1 aLibros de confrontaciónv7aSociología aEn un apéndice del texto del Informe de la Comisión de Nixon sobre la pornografía y la obscenidad. aIncluye referencias bibliográficas al pie de las páginas. aTítulo original en italiano:tPorno power. Pornografia e società capitalista. 4aErotismo9912 4aPornografía927724 4aArte erótico927725 4aLiteratura inmoral9277261 aEstados Unidos.bLa Comisión sobre la obscenidad y la pornografía.927727 0aLibros de confrontación ;v7pSociología927728 aCatalogación derivada aBNGR 001052708MOaGRbGRcCTd2009-10-23iLF1l0o704.9428 G429p, 1978p11695-10r2020-06-25w2020-06-25y2ZPréstamo interno c11378d11378